Cuento de teatro para niños texto impreso (Registro nro. 24185)

Detalles MARC
000 -Cabecera
Campo de control interno 00398nam a2200169Ia 4500
005 - Fecha y hora del registro
control field 20260414151026.0
008 - Elementos de Longitud Fija
fixed length control field 260414t1998||||xx |||||||||||||| ||spa||
041 ## - Idioma
Codigo Idioma ESP
082 ## - DEWEY y NOTACIÓN INTERNA
Dewey 792.0226
Notación Interna J66
100 ## - AUTOR
Autor denominación Jofré, Sara
Término de relación autor
245 #0 - TÍTULO DE MATERIAL BIBLIOGRÁFICO
Título Cuento de teatro para niños texto impreso
Título paralelo
260 ## - CIUDAD, EDITORIAL, AÑO
Año 1998
650 ## - TEMAS
Temas Las Artes
654 ## - PROGRAMAS
Programa Dpto. Arquitectura y Urbanismo
942 ## - ELEMENTOS DE KOHA
Tipo de documento Libro
Nombre del creador Justo Noguera
Código de catalogador Justo Noguera
Esquema de clasificación Dewey Decimal Classification
Suppress in OPAC
Existencias
Codigo completo Registro Colección Copia número Disponibilidad Tipo de préstamo Biblioteca Actual Procedencia (Biblioteca) Ubicacón Fecha Ingreso Tipo de Adquisición Date last seen Total checkouts Price effective from Tipo de Item Estado del Material Damaged status Withdrawn status
792.0226 J66 U0002480 Universidad Católica San Pablo 1 Disponible Disponible Víctor Andrés Belaunde Víctor Andrés Belaunde Segundo piso 14/04/2026 Compra 14/04/2026   14/04/2026 Libro Bueno